Biochimie métabolique

Salvato in:
Dettagli Bibliografici
Autori principali: Audigié, Cl (Autore), Zonszain, F. (Autore)
Natura: Libro
Lingua:francese
Pubblicazione: Rueil-Malmaison : Doin Éditeurs, 1995
Edizione:3e édition
Serie:Biosciences et Techniques
Tags: Aggiungi Tag
Nessun Tag, puoi essere il primo ad aggiungerne!!

MARC

LEADER 00000nam a22000003a 4500
001 stu81939
005 20150617225638.5
008 030930s1995----fr------------------fre-d
020 |a 2-7040-0715-2 
040 |a STU  |b slo 
041 0 |a fre 
044 |a fr 
080 |a 577.1 
100 1 |a Audigié, Cl.  |4 aut 
245 1 |a Biochimie métabolique 
250 |a 3e édition 
260 |a Rueil-Malmaison :  |b Doin Éditeurs,  |c 1995 
300 |a 259 s. Tab.,grafy,index 
700 1 |a Zonszain, F.  |4 aut 
830 0 |a Biosciences et Techniques 
996 |b 284C030267  |c C*97048  |l CCI  |s A  |a 24  |w stu81939_0001